[Event "DEM U14 2025"]
[Site "Willingen GER"]
[Date "2025.06.08"]
[Round "1"]
[White "Jahn, Gustav"]
[Black "Nemitz, Alfred"]
[Result "0-1"]
[Termination "normal"]
[Board "1"]
[BlackTitle "FM"]
[WhiteElo "1983"]
[BlackElo "2315"]
[WhiteClock "00:49:53"]
[BlackClock "00:02:44"]
[PlyCount "110"]
[WhiteFideId "34666605"]
[BlackFideId "34601791"]
[EventCountry "GER"]
[EventRounds "9"]
[EventType "swiss"]
[EventDate "2025.06.07"]

1. e4 {[%clk 01:30:56]} {[%emt 00:00:03]} e5 {[%clk 01:30:56]} {[%emt
00:00:04]} 2. Nf3 {[%clk 01:31:18]} {[%emt 00:00:08]} Nc6 {[%clk 01:31:22]}
{[%emt 00:00:04]} 3. Bc4 {[%clk 01:31:43]} {[%emt 00:00:05]} Nf6 {[%clk
01:31:49]} {[%emt 00:00:04]} 4. d3 {[%clk 01:32:03]} {[%emt 00:00:09]} Bc5
{[%clk 01:32:17]} {[%emt 00:00:02]} 5. c3 {[%clk 01:32:23]} {[%emt 00:00:11]}
a6 {[%clk 01:32:44]} {[%emt 00:00:03]} 6. O-O {[%clk 01:32:22]} {[%emt
00:00:30]} d6 {[%clk 01:32:37]} {[%emt 00:00:36]} 7. Bb3 {[%clk 01:32:40]}
{[%emt 00:00:14]} Ba7 {[%clk 01:31:06]} {[%emt 00:02:00]} 8. h3 {[%clk
01:32:50]} {[%emt 00:00:20]} h6 {[%clk 01:29:22]} {[%emt 00:02:14]} 9. Re1
{[%clk 01:33:04]} {[%emt 00:00:16]} O-O {[%clk 01:29:48]} {[%emt 00:00:04]} 10.
Nbd2 {[%clk 01:32:39]} {[%emt 00:00:55]} Be6 {[%clk 01:23:45]} {[%emt
00:06:33]} 11. Nf1 {[%clk 01:30:45]} {[%emt 00:02:24]} Re8 {[%clk 01:11:29]}
{[%emt 00:12:46]} 12. Be3 {[%clk 01:30:14]} {[%emt 00:01:01]} Bxe3 {[%clk
01:08:35]} 13. Nxe3 {[%clk 01:29:17]} {[%emt 00:04:51]} d5 {[%clk 01:07:44]}
{[%emt 00:01:21]} 14. exd5 {[%clk 01:27:40]} {[%emt 00:02:07]} Nxd5 {[%clk
01:07:41]} {[%emt 00:00:33]} 15. Nxd5 {[%clk 01:23:41]} {[%emt 00:04:29]} Bxd5
{[%clk 01:08:09]} {[%emt 00:00:02]} 16. Bxd5 {[%clk 01:23:32]} {[%emt
00:00:39]} Qxd5 {[%clk 01:08:36]} {[%emt 00:00:03]} 17. Nh4 {[%clk 01:18:00]}
{[%emt 00:06:01]} Rad8 {[%clk 01:08:25]} {[%emt 00:00:39]} 18. Qg4 {[%clk
01:13:22]} {[%emt 00:05:10]} Qxd3 {[%clk 00:58:54]} {[%emt 00:10:02]} 19. Nf5
{[%clk 01:13:02]} {[%emt 00:00:48]} g6 {[%clk 00:56:53]} {[%emt 00:02:33]} 20.
Nxh6+ {[%clk 01:12:35]} {[%emt 00:00:57]} Kg7 {[%clk 00:57:22]} {[%emt
00:00:01]} 21. Rad1 {[%clk 01:05:38]} {[%emt 00:07:27]} Qc2 {[%clk 00:49:08]}
{[%emt 00:08:42]} 22. Rc1 {[%clk 01:04:43]} {[%emt 00:01:26]} Qxb2 {[%clk
00:47:09]} {[%emt 00:02:28]} 23. Qg5 {[%clk 01:04:03]} {[%emt 00:01:11]} Qd2
{[%clk 00:41:52]} {[%emt 00:05:47]} 24. Nf5+ {[%clk 01:00:55]} {[%emt
00:03:39]} Kf8 {[%clk 00:36:33]} {[%emt 00:05:43]} 25. Ne3 {[%clk 01:00:48]}
{[%emt 00:00:42]} Qxa2 {[%emt 00:07:27]} 26. Ng4 {[%clk 00:55:50]} Qd2 {[%clk
00:29:27]} {[%emt 00:06:08]} 27. Qf6 {[%clk 00:54:15]} {[%emt 00:02:05]} Re6
{[%clk 00:28:20]} {[%emt 00:01:36]} 28. Qh8+ {[%clk 00:51:58]} {[%emt
00:02:47]} Ke7 {[%clk 00:28:49]} {[%emt 00:00:03]} 29. Qg7 {[%clk 00:51:16]}
{[%emt 00:01:11]} Rdd6 {[%clk 00:08:30]} {[%emt 00:20:48]} 30. Nh6 {[%clk
00:45:42]} {[%emt 00:06:04]} Nd8 {[%clk 00:08:47]} {[%emt 00:00:13]} 31. Ng4
{[%clk 00:43:47]} {[%emt 00:02:25]} e4 {[%clk 00:07:46]} {[%emt 00:01:32]} 32.
Ne3 {[%clk 00:40:19]} {[%emt 00:03:58]} Rf6 {[%clk 00:06:59]} {[%emt 00:01:15]}
33. Ng4 {[%clk 00:38:57]} {[%emt 00:01:53]} Rfe6 {[%clk 00:06:56]} {[%emt
00:00:34]} 34. Ne3 {[%clk 00:39:04]} {[%emt 00:00:23]} Qd3 {[%clk 00:04:06]}
{[%emt 00:03:20]} 35. Rcd1 {[%clk 00:38:55]} {[%emt 00:00:39]} Qb5 {[%clk
00:04:17]} {[%emt 00:00:18]} 36. c4 {[%clk 00:38:26]} {[%emt 00:01:00]} Qe5
{[%clk 00:04:12]} {[%emt 00:00:34]} 37. Qg8 {[%clk 00:36:43]} {[%emt 00:02:12]}
c6 {[%clk 00:03:44]} {[%emt 00:01:00]} 38. Ng4 {[%clk 00:33:17]} {[%emt
00:03:55]} Qc3 {[%clk 00:03:17]} {[%emt 00:00:56]} 39. Ne3 {[%clk 00:30:27]}
{[%emt 00:03:21]} a5 {[%clk 00:01:11]} {[%emt 00:02:37]} 40. Kh2 {[%clk
00:29:38]} {[%emt 00:01:19]} Qe5+ {[%clk 00:01:26]} {[%emt 00:00:15]} 41. g3
{[%clk 00:29:40]} {[%emt 00:00:28]} a4 {[%clk 00:00:49]} {[%emt 00:01:07]} 42.
Rb1 {[%clk 00:28:43]} {[%emt 00:01:26]} a3 {[%clk 00:24:43]} {[%emt 00:06:37]}
43. Re2 {[%clk 00:55:46]} {[%emt 00:03:27]} Rd3 {[%clk 00:23:57]} {[%emt
00:01:15]} 44. Ra2 {[%clk 00:54:49]} {[%emt 00:01:27]} Red6 {[%clk 00:20:58]}
{[%emt 00:03:30]} 45. Rba1 {[%clk 00:54:26]} {[%emt 00:00:52]} Rd2 {[%clk
00:14:46]} {[%emt 00:06:43]} 46. Ng4 {[%clk 00:54:43]} {[%emt 00:00:12]} Qc5
{[%clk 00:12:20]} {[%emt 00:02:54]} 47. Qg7 {[%clk 00:53:52]} {[%emt 00:01:23]}
Rxa2 {[%clk 00:05:28]} {[%emt 00:07:22]} 48. Rxa2 {[%clk 00:54:15]} {[%emt
00:00:07]} b5 {[%clk 00:05:55]} {[%emt 00:00:04]} 49. cxb5 {[%clk 00:53:16]}
{[%emt 00:01:29]} cxb5 {[%clk 00:06:23]} {[%emt 00:00:02]} 50. Re2 {[%clk
00:52:43]} {[%emt 00:01:03]} Qc4 {[%clk 00:04:46]} {[%emt 00:02:06]} 51. Qe5+
{[%clk 00:52:36]} {[%emt 00:00:37]} Re6 {[%clk 00:03:33]} {[%emt 00:01:43]} 52.
Qg5+ {[%clk 00:53:01]} {[%emt 00:00:06]} f6 {[%clk 00:03:23]} {[%emt 00:00:40]}
53. Qe3 {[%clk 00:52:56]} {[%emt 00:00:35]} Ra6 {[%clk 00:03:03]} {[%emt
00:00:49]} 54. Qf3 {[%clk 00:49:44]} {[%emt 00:03:41]} f5 {[%clk 00:02:43]}
{[%emt 00:00:51]} 55. Nh6 {[%clk 00:49:53]} {[%emt 00:00:21]} a2 {[%clk
00:02:44]} {[%emt 00:00:28]} 0-1

[Event "DEM U14 2025"]
[Site "Willingen GER"]
[Date "2025.06.08"]
[Round "1"]
[White "Sydykov, Bayastan"]
[Black "Wartenberg, Alexander"]
[Result "1-0"]
[Termination "normal"]
[Board "2"]
[WhiteTitle "FM"]
[WhiteElo "2301"]
[BlackElo "1840"]
[WhiteClock "00:11:06"]
[BlackClock "00:05:30"]
[PlyCount "115"]
[WhiteFideId "13829610"]
[BlackFideId "16280768"]
[EventCountry "GER"]
[EventRounds "9"]
[EventType "swiss"]
[EventDate "2025.06.07"]

1. e4 {[%clk 01:30:55]} {[%emt 00:00:05]} c5 {[%clk 01:30:59]} {[%emt
00:00:02]} 2. Nf3 {[%clk 01:31:13]} {[%emt 00:00:11]} e6 {[%clk 01:31:23]}
{[%emt 00:00:05]} 3. d4 {[%clk 01:31:32]} {[%emt 00:00:11]} cxd4 {[%clk
01:31:48]} {[%emt 00:00:05]} 4. Nxd4 {[%clk 01:31:58]} {[%emt 00:00:05]} Nf6
{[%clk 01:32:12]} {[%emt 00:00:06]} 5. Nc3 {[%clk 01:32:11]} {[%emt 00:00:17]}
Nc6 {[%clk 01:32:37]} {[%emt 00:00:05]} 6. Be2 {[%clk 01:31:48]} {[%emt
00:00:53]} Bb4 {[%clk 01:32:08]} {[%emt 00:00:59]} 7. O-O {[%clk 01:31:39]}
{[%emt 00:00:39]} O-O {[%clk 01:30:39]} {[%emt 00:01:59]} 8. Nxc6 {[%clk
01:24:29]} {[%emt 00:07:40]} bxc6 {[%clk 01:26:49]} {[%emt 00:04:19]} 9. e5
{[%clk 01:16:33]} {[%emt 00:08:26]} Nd5 {[%clk 01:21:17]} {[%emt 00:06:03]} 10.
Ne4 {[%clk 01:12:44]} {[%emt 00:04:19]} Qc7 {[%clk 01:15:47]} {[%emt 00:05:59]}
11. Nd6 {[%clk 01:03:20]} {[%emt 00:09:54]} Bxd6 {[%clk 01:02:25]} {[%emt
00:13:52]} 12. exd6 {[%clk 01:03:44]} {[%emt 00:00:07]} Qb6 {[%clk 01:02:41]}
{[%emt 00:00:13]} 13. c4 {[%clk 00:56:13]} {[%emt 00:08:01]} Nf6 {[%clk
01:02:10]} {[%emt 00:01:02]} 14. Qc2 {[%clk 00:45:50]} {[%emt 00:10:52]} c5
{[%clk 00:59:53]} {[%emt 00:02:47]} 15. Rd1 {[%clk 00:46:06]} {[%emt 00:00:15]}
h6 {[%clk 00:55:12]} {[%emt 00:05:11]} 16. Bf4 {[%clk 00:35:55]} {[%emt
00:10:41]} Bb7 {[%clk 00:51:21]} {[%emt 00:04:20]} 17. Be5 {[%clk 00:31:40]}
{[%emt 00:04:45]} Be4 {[%clk 00:42:36]} {[%emt 00:09:16]} 18. Qc3 {[%clk
00:25:22]} {[%emt 00:06:48]} Ne8 {[%clk 00:41:58]} {[%emt 00:01:07]} 19. Rd2
{[%clk 00:23:03]} {[%emt 00:02:49]} f6 {[%clk 00:40:57]} {[%emt 00:01:31]} 20.
Bg3 {[%clk 00:22:41]} {[%emt 00:00:52]} g5 {[%clk 00:34:06]} {[%emt 00:07:21]}
21. f3 {[%clk 00:16:36]} {[%emt 00:06:35]} Bh7 {[%clk 00:31:56]} {[%emt
00:02:40]} 22. Bf2 {[%clk 00:15:29]} {[%emt 00:01:37]} Ng7 {[%emt 00:13:08]}
23. Qa3 {[%clk 00:12:18]} {[%emt 00:03:39]} Rfc8 {[%clk 00:15:53]} {[%emt
00:03:57]} 24. Qa4 {[%clk 00:08:54]} {[%emt 00:03:55]} Rc6 {[%clk 00:12:38]}
{[%emt 00:03:44]} 25. Rad1 {[%clk 00:09:17]} {[%emt 00:00:07]} e5 {[%clk
00:10:36]} {[%emt 00:02:32]} 26. b4 {[%clk 00:04:20]} {[%emt 00:05:27]} Qxb4
{[%clk 00:05:35]} {[%emt 00:05:31]} 27. Qxb4 {[%clk 00:04:41]} {[%emt
00:00:10]} cxb4 {[%clk 00:05:58]} {[%emt 00:00:06]} 28. c5 {[%clk 00:04:57]}
{[%emt 00:00:14]} a6 {[%clk 00:05:42]} {[%emt 00:00:47]} 29. Bc4+ {[%clk
00:05:07]} {[%emt 00:00:19]} Kf8 {[%clk 00:05:09]} {[%emt 00:01:03]} 30. Bd5
{[%clk 00:05:32]} {[%emt 00:00:06]} Rac8 {[%clk 00:05:10]} {[%emt 00:00:28]}
31. Bxc6 {[%clk 00:05:56]} {[%emt 00:00:06]} Rxc6 {[%clk 00:05:20]} {[%emt
00:00:20]} 32. Rb2 {[%clk 00:04:39]} {[%emt 00:01:48]} a5 {[%clk 00:03:17]}
{[%emt 00:02:33]} 33. a3 {[%clk 00:03:19]} {[%emt 00:01:50]} bxa3 {[%clk
00:02:50]} {[%emt 00:00:56]} 34. Rb8+ {[%clk 00:02:08]} {[%emt 00:01:41]} Kf7
{[%clk 00:02:42]} {[%emt 00:00:38]} 35. Rd8 {[%clk 00:01:04]} {[%emt 00:01:34]}
Ke6 {[%clk 00:01:04]} {[%emt 00:02:08]} 36. Ra1 {[%clk 00:01:20]} {[%emt
00:00:14]} Bc2 {[%clk 00:00:44]} {[%emt 00:00:50]} 37. Rxa3 {[%clk 00:01:35]}
{[%emt 00:00:15]} a4 {[%clk 00:01:06]} {[%emt 00:00:08]} 38. g4 {[%clk
00:00:54]} {[%emt 00:01:11]} Ra6 {[%clk 00:00:51]} {[%emt 00:00:45]} 39. Kf1
{[%clk 00:00:39]} {[%emt 00:00:45]} Ra5 {[%clk 00:00:43]} {[%emt 00:00:39]} 40.
c6 {[%clk 00:00:33]} {[%emt 00:00:35]} dxc6 {[%clk 00:00:44]} {[%emt 00:00:30]}
41. Rg8 {[%clk 00:00:40]} {[%emt 00:00:22]} Kxd6 {[%clk 00:25:04]} {[%emt
00:06:09]} 42. Rxg7 {[%clk 00:30:23]} {[%emt 00:00:48]} c5 {[%emt 00:04:12]}
43. Rc3 {[%clk 00:27:37]} Bb3 {[%clk 00:23:35]} {[%emt 00:01:33]} 44. Kg2
{[%clk 00:21:52]} {[%emt 00:06:16]} c4 {[%clk 00:20:37]} {[%emt 00:03:27]} 45.
Be1 {[%clk 00:18:22]} {[%emt 00:04:00]} Ra6 {[%clk 00:14:21]} {[%emt 00:06:47]}
46. Rc1 {[%clk 00:18:00]} {[%emt 00:00:51]} a3 {[%clk 00:13:32]} {[%emt
00:01:19]} 47. Bc3 {[%clk 00:16:18]} {[%emt 00:02:11]} a2 {[%clk 00:13:27]}
{[%emt 00:00:35]} 48. Rg6 {[%clk 00:10:52]} {[%emt 00:05:56]} Ke6 {[%clk
00:13:14]} {[%emt 00:00:44]} 49. Rxh6 {[%clk 00:11:05]} {[%emt 00:00:16]} Rd6
{[%clk 00:13:28]} {[%emt 00:00:16]} 50. h4 {[%clk 00:10:24]} {[%emt 00:01:11]}
Rd3 {[%clk 00:13:06]} {[%emt 00:00:53]} 51. Ba1 {[%clk 00:10:45]} {[%emt
00:00:09]} gxh4 {[%clk 00:08:35]} {[%emt 00:05:01]} 52. g5 {[%clk 00:09:25]}
{[%emt 00:01:50]} Rd2+ {[%clk 00:06:46]} {[%emt 00:02:19]} 53. Kh3 {[%clk
00:09:43]} {[%emt 00:00:12]} Kf5 {[%clk 00:05:29]} {[%emt 00:01:47]} 54. Rxf6+
{[%clk 00:09:58]} {[%emt 00:00:14]} Kxg5 {[%clk 00:05:49]} {[%emt 00:00:10]}
55. Bxe5 {[%clk 00:09:51]} {[%emt 00:00:37]} Ba4 {[%clk 00:04:58]} {[%emt
00:01:22]} 56. Rg1+ {[%clk 00:10:14]} {[%emt 00:00:06]} Kh5 {[%clk 00:05:18]}
{[%emt 00:00:10]} 57. Rf5+ {[%clk 00:10:40]} {[%emt 00:00:05]} Kh6 {[%clk
00:05:30]} {[%emt 00:00:18]} 58. Bf4+ {[%clk 00:11:06]} {[%emt 00:00:05]} 1-0

[Event "DEM U14 2025"]
[Site "Willingen GER"]
[Date "2025.06.08"]
[Round "1"]
[White "Zimmer, Tim"]
[Black "Mohylnyi, Stepan"]
[Result "0-1"]
[Termination "normal"]
[Board "3"]
[BlackTitle "FM"]
[WhiteElo "1866"]
[BlackElo "2314"]
[WhiteClock "00:23:36"]
[BlackClock "00:53:26"]
[PlyCount "40"]
[WhiteFideId "34603115"]
[BlackFideId "34127836"]
[EventCountry "GER"]
[EventRounds "9"]
[EventType "swiss"]
[EventDate "2025.06.07"]

1. e4 {[%clk 01:30:58]} c5 {[%clk 01:30:52]} {[%emt 00:00:10]} 2. Nf3 {[%clk
01:31:21]} {[%emt 00:00:07]} e6 {[%clk 01:31:10]} {[%emt 00:00:12]} 3. b3
{[%clk 01:31:45]} {[%emt 00:00:05]} Nc6 {[%clk 01:29:11]} {[%emt 00:02:29]} 4.
Bb2 {[%clk 01:30:11]} {[%emt 00:02:03]} d5 {[%clk 01:27:44]} {[%emt 00:01:58]}
5. exd5 {[%clk 01:28:32]} {[%emt 00:02:09]} exd5 {[%clk 01:27:18]} {[%emt
00:00:57]} 6. d4 {[%clk 01:25:04]} {[%emt 00:03:57]} Nf6 {[%emt 00:11:46]} 7.
Bb5 {[%clk 01:16:42]} {[%emt 00:00:02]} Bd6 {[%clk 01:10:56]} {[%emt 00:14:27]}
8. Qe2+ {[%clk 01:00:10]} {[%emt 00:17:02]} Be6 {[%clk 01:05:15]} {[%emt
00:06:10]} 9. Ng5 {[%clk 00:56:14]} {[%emt 00:04:26]} O-O {[%clk 01:05:09]}
{[%emt 00:00:37]} 10. Nxe6 {[%clk 00:51:18]} {[%emt 00:05:25]} fxe6 {[%clk
01:05:35]} {[%emt 00:00:04]} 11. Bxc6 {[%clk 00:46:36]} {[%emt 00:05:12]} bxc6
{[%clk 01:03:46]} {[%emt 00:02:19]} 12. O-O {[%clk 00:46:04]} {[%emt 00:01:02]}
Qd7 {[%clk 00:58:55]} {[%emt 00:05:21]} 13. Nd2 {[%clk 00:44:08]} {[%emt
00:02:26]} cxd4 {[%clk 00:55:26]} {[%emt 00:03:59]} 14. Bxd4 {[%clk 00:43:43]}
{[%emt 00:00:55]} e5 {[%clk 00:55:45]} {[%emt 00:00:12]} 15. Bxe5 {[%clk
00:30:55]} {[%emt 00:13:18]} Rae8 {[%clk 00:55:30]} {[%emt 00:00:44]} 16. f4
{[%clk 00:31:01]} {[%emt 00:00:24]} Ng4 {[%clk 00:55:54]} {[%emt 00:00:06]} 17.
Qd3 {[%clk 00:26:00]} {[%emt 00:05:31]} Bc5+ {[%clk 00:52:08]} {[%emt
00:04:17]} 18. Bd4 {[%clk 00:23:17]} {[%emt 00:03:12]} Bxd4+ {[%clk 00:52:31]}
{[%emt 00:00:07]} 19. Qxd4 {[%clk 00:23:42]} {[%emt 00:00:05]} Ne3 {[%clk
00:53:00]} {[%emt 00:00:02]} 20. Rfc1 {[%clk 00:23:36]} {[%emt 00:00:35]} Qg4
{[%clk 00:53:26]} {[%emt 00:00:03]} 0-1

[Event "DEM U14 2025"]
[Site "Willingen GER"]
[Date "2025.06.08"]
[Round "1"]
[White "Albrecht, Neil"]
[Black "Park, Manuel"]
[Result "1-0"]
[Termination "normal"]
[Board "4"]
[WhiteElo "2131"]
[BlackElo "1828"]
[WhiteClock "00:25:03"]
[BlackClock "00:33:59"]
[PlyCount "105"]
[WhiteFideId "34621091"]
[BlackFideId "34629114"]
[EventCountry "GER"]
[EventRounds "9"]
[EventType "swiss"]
[EventDate "2025.06.07"]

1. e4 {[%clk 01:30:55]} {[%emt 00:00:04]} c5 {[%clk 01:30:40]} {[%emt
00:00:21]} 2. Nf3 {[%clk 01:31:19]} {[%emt 00:00:05]} d6 {[%clk 01:30:46]}
{[%emt 00:00:23]} 3. d4 {[%clk 01:31:27]} {[%emt 00:00:23]} cxd4 {[%clk
01:31:09]} {[%emt 00:00:06]} 4. Nxd4 {[%clk 01:31:37]} {[%emt 00:00:20]} Nf6
{[%clk 01:31:26]} {[%emt 00:00:14]} 5. Nc3 {[%clk 01:31:10]} {[%emt 00:00:57]}
a6 {[%clk 01:30:55]} {[%emt 00:01:02]} 6. Be3 {[%clk 01:30:21]} {[%emt
00:01:18]} e5 {[%clk 01:28:42]} {[%emt 00:02:44]} 7. Nf3 {[%clk 01:30:35]}
{[%emt 00:00:15]} Be7 {[%clk 01:28:45]} {[%emt 00:00:27]} 8. Bc4 {[%clk
01:29:53]} {[%emt 00:01:12]} O-O {[%clk 01:24:46]} {[%emt 00:04:29]} 9. O-O
{[%clk 01:28:01]} {[%emt 00:02:22]} Nbd7 {[%emt 00:13:28]} 10. a4 {[%clk
01:22:00]} {[%emt 00:00:01]} Qc7 {[%clk 01:17:47]} {[%emt 00:01:01]} 11. Qe2
{[%clk 01:16:05]} {[%emt 00:06:26]} Nc5 {[%clk 01:13:14]} {[%emt 00:05:03]} 12.
Nd5 {[%clk 01:01:34]} {[%emt 00:15:00]} Nxd5 {[%clk 01:13:36]} {[%emt
00:00:09]} 13. Bxd5 {[%clk 01:01:57]} {[%emt 00:00:07]} Be6 {[%clk 01:04:52]}
{[%emt 00:09:14]} 14. Bxc5 {[%clk 00:55:17]} {[%emt 00:07:10]} Bxd5 {[%clk
01:01:25]} {[%emt 00:03:57]} 15. Bxd6 {[%clk 00:54:25]} {[%emt 00:01:21]} Bc4
{[%clk 01:01:05]} {[%emt 00:00:50]} 16. Bxc7 {[%clk 00:54:41]} {[%emt
00:00:14]} Bxe2 {[%clk 01:01:28]} {[%emt 00:00:07]} 17. Rfc1 {[%clk 00:54:17]}
{[%emt 00:00:54]} Bxf3 {[%clk 00:56:52]} {[%emt 00:05:06]} 18. gxf3 {[%clk
00:54:39]} {[%emt 00:00:08]} f6 {[%clk 00:55:23]} {[%emt 00:02:00]} 19. Rd1
{[%clk 00:53:27]} {[%emt 00:01:40]} Rac8 {[%clk 00:37:45]} {[%emt 00:18:09]}
20. Rd7 {[%clk 00:53:29]} {[%emt 00:00:29]} Bd8 {[%clk 00:37:41]} {[%emt
00:00:34]} 21. Bxd8 {[%clk 00:47:45]} {[%emt 00:06:14]} Rfxd8 {[%clk 00:38:02]}
{[%emt 00:00:09]} 22. Rxd8+ {[%clk 00:47:41]} {[%emt 00:00:33]} Rxd8 {[%clk
00:38:26]} {[%emt 00:00:06]} 23. Kf1 {[%clk 00:46:50]} {[%emt 00:01:21]} Kf7
{[%clk 00:34:28]} {[%emt 00:04:28]} 24. Ra3 {[%clk 00:45:28]} {[%emt 00:01:53]}
Rc8 {[%clk 00:28:24]} {[%emt 00:06:33]} 25. c3 {[%clk 00:44:35]} {[%emt
00:01:23]} Kg6 {[%clk 00:28:41]} {[%emt 00:00:13]} 26. Rb3 {[%clk 00:43:45]}
{[%emt 00:01:20]} Rc7 {[%clk 00:28:54]} {[%emt 00:00:17]} 27. Kg2 {[%clk
00:41:56]} {[%emt 00:02:18]} Kg5 {[%clk 00:23:33]} {[%emt 00:05:52]} 28. Kg3
{[%clk 00:41:58]} {[%emt 00:00:28]} g6 {[%clk 00:23:24]} {[%emt 00:00:39]} 29.
Rb6 {[%clk 00:37:09]} {[%emt 00:05:19]} Rf7 {[%clk 00:14:33]} {[%emt 00:09:21]}
30. Re6 {[%clk 00:35:57]} {[%emt 00:01:42]} h5 {[%clk 00:14:11]} {[%emt
00:00:52]} 31. h4+ {[%clk 00:35:12]} {[%emt 00:01:15]} Kh6 {[%clk 00:14:36]}
{[%emt 00:00:05]} 32. f4 {[%clk 00:35:33]} {[%emt 00:00:09]} exf4+ {[%clk
00:14:45]} {[%emt 00:00:22]} 33. Kxf4 {[%clk 00:35:57]} {[%emt 00:00:06]} Kg7
{[%clk 00:14:31]} {[%emt 00:00:43]} 34. Rb6 {[%clk 00:35:29]} {[%emt 00:00:58]}
Re7 {[%clk 00:13:26]} {[%emt 00:01:35]} 35. a5 {[%clk 00:33:22]} {[%emt
00:02:37]} Kf7 {[%clk 00:13:36]} {[%emt 00:00:19]} 36. b3 {[%clk 00:25:55]}
{[%emt 00:07:58]} Rc7 {[%clk 00:12:52]} {[%emt 00:01:14]} 37. c4 {[%clk
00:24:51]} {[%emt 00:01:34]} Ke7 {[%clk 00:08:56]} {[%emt 00:04:26]} 38. e5
{[%clk 00:16:24]} {[%emt 00:08:57]} fxe5+ {[%clk 00:07:40]} {[%emt 00:01:46]}
39. Kxe5 {[%clk 00:16:08]} {[%emt 00:00:46]} Rc5+ {[%clk 00:07:52]} {[%emt
00:00:18]} 40. Ke4 {[%clk 00:14:43]} {[%emt 00:01:56]} Rxa5 {[%clk 00:08:07]}
{[%emt 00:00:15]} 41. Rxb7+ {[%clk 00:11:54]} {[%emt 00:03:19]} Kf6 {[%clk
00:07:42]} {[%emt 00:00:54]} 42. Rb6+ {[%clk 00:12:10]} {[%emt 00:00:14]} Kf7
{[%clk 00:08:01]} {[%emt 00:00:11]} 43. b4 {[%clk 00:10:42]} {[%emt 00:01:58]}
Rf5 {[%clk 00:07:30]} {[%emt 00:01:01]} 44. Rxa6 {[%clk 00:25:01]} {[%emt
00:16:11]} Rxf2 {[%clk 00:37:49]} {[%emt 00:00:11]} 45. b5 {[%clk 00:24:59]}
{[%emt 00:00:32]} Rh2 {[%clk 00:36:07]} {[%emt 00:02:12]} 46. c5 {[%clk
00:24:59]} {[%emt 00:00:30]} Rxh4+ {[%clk 00:36:24]} {[%emt 00:00:13]} 47. Ke5
{[%clk 00:25:22]} {[%emt 00:00:07]} Rb4 {[%clk 00:36:41]} {[%emt 00:00:13]} 48.
Ra7+ {[%clk 00:25:36]} {[%emt 00:00:17]} Ke8 {[%clk 00:36:46]} {[%emt
00:00:21]} 49. b6 {[%clk 00:25:31]} {[%emt 00:00:39]} Kd8 {[%clk 00:35:01]}
{[%emt 00:02:13]} 50. Rh7 {[%clk 00:24:47]} {[%emt 00:01:15]} h4 {[%clk
00:34:08]} {[%emt 00:01:23]} 51. b7 {[%clk 00:24:16]} {[%emt 00:01:01]} h3
{[%clk 00:33:56]} {[%emt 00:00:42]} 52. c6 {[%clk 00:24:39]} {[%emt 00:00:07]}
h2 {[%clk 00:33:59]} {[%emt 00:00:28]} 53. c7+ {[%clk 00:25:03]} {[%emt
00:00:05]} 1-0

[Event "DEM U14 2025"]
[Site "Willingen GER"]
[Date "2025.06.08"]
[Round "1"]
[White "Sasse, Conan"]
[Black "Herrmann, Arthur"]
[Result "0-1"]
[Termination "normal"]
[Board "5"]
[WhiteElo "1872"]
[BlackElo "2089"]
[WhiteClock "00:08:14"]
[BlackClock "00:04:06"]
[PlyCount "56"]
[WhiteFideId "34684336"]
[BlackFideId "16287150"]
[EventCountry "GER"]
[EventRounds "9"]
[EventType "swiss"]
[EventDate "2025.06.07"]

1. c4 {[%clk 01:30:54]} {[%emt 00:00:05]} Nf6 {[%clk 01:30:27]} {[%emt
00:00:33]} 2. Nc3 {[%clk 01:30:29]} {[%emt 00:00:54]} e6 {[%clk 01:30:23]}
{[%emt 00:00:35]} 3. Nf3 {[%clk 01:29:56]} {[%emt 00:01:04]} d5 {[%clk
01:30:02]} {[%emt 00:00:50]} 4. d4 {[%emt 00:00:19]} dxc4 {[%clk 01:30:02]}
{[%emt 00:00:27]} 5. e4 {[%clk 01:28:05]} {[%emt 00:02:34]} b5 {[%clk
01:30:11]} {[%emt 00:00:21]} 6. e5 {[%clk 01:27:23]} {[%emt 00:01:12]} Nd5
{[%clk 01:30:36]} {[%emt 00:00:05]} 7. Nxb5 {[%clk 01:27:15]} {[%emt 00:00:39]}
Nb6 {[%clk 01:30:54]} {[%emt 00:00:12]} 8. Be2 {[%clk 01:21:40]} {[%emt
00:06:05]} Nc6 {[%clk 01:30:53]} {[%emt 00:00:31]} 9. O-O {[%clk 01:19:20]}
{[%emt 00:02:50]} Be7 {[%clk 01:30:48]} {[%emt 00:00:34]} 10. Na3 {[%clk
01:14:46]} {[%emt 00:05:04]} Bxa3 {[%clk 01:21:38]} {[%emt 00:09:40]} 11. bxa3
{[%clk 01:15:14]} {[%emt 00:00:02]} a5 {[%clk 01:16:39]} {[%emt 00:05:29]} 12.
Be3 {[%clk 01:10:02]} {[%emt 00:05:42]} O-O {[%clk 01:12:23]} {[%emt 00:04:47]}
13. Qc2 {[%clk 01:00:09]} {[%emt 00:10:22]} h6 {[%clk 01:08:09]} {[%emt
00:04:45]} 14. Bxc4 {[%clk 00:56:16]} {[%emt 00:04:23]} Nxc4 {[%clk 01:07:32]}
{[%emt 00:01:07]} 15. Qxc4 {[%clk 00:56:10]} {[%emt 00:00:35]} Ne7 {[%clk
01:07:41]} {[%emt 00:00:22]} 16. Qc5 {[%clk 00:54:39]} {[%emt 00:02:00]} Bb7
{[%clk 01:00:52]} {[%emt 00:07:20]} 17. Kh1 {[%clk 00:35:17]} {[%emt 00:19:51]}
Nf5 {[%clk 00:32:07]} {[%emt 00:29:16]} 18. Qc3 {[%clk 00:31:09]} {[%emt
00:04:38]} Bxf3 {[%clk 00:27:45]} {[%emt 00:04:51]} 19. gxf3 {[%clk 00:31:04]}
{[%emt 00:00:36]} Qd5 {[%clk 00:27:49]} {[%emt 00:00:25]} 20. h3 {[%clk
00:20:59]} {[%emt 00:10:34]} Qxf3+ {[%clk 00:19:50]} {[%emt 00:08:29]} 21. Kh2
{[%clk 00:21:22]} {[%emt 00:00:07]} Nh4 {[%clk 00:19:10]} {[%emt 00:01:11]} 22.
Rg1 {[%clk 00:21:41]} {[%emt 00:00:11]} Qd5 {[%clk 00:18:46]} {[%emt 00:00:55]}
23. Rg4 {[%clk 00:12:51]} {[%emt 00:09:18]} Nf3+ {[%clk 00:18:42]} {[%emt
00:00:35]} 24. Kg3 {[%clk 00:13:20]} {[%emt 00:00:01]} h5 {[%clk 00:18:49]}
{[%emt 00:00:24]} 25. Rf4 {[%clk 00:13:08]} {[%emt 00:00:42]} h4+ {[%clk
00:18:45]} {[%emt 00:00:34]} 26. Kg4 {[%clk 00:12:00]} {[%emt 00:01:37]} f5+
{[%clk 00:12:56]} {[%emt 00:06:19]} 27. exf6 {[%clk 00:11:53]} {[%emt
00:00:38]} Rxf6 {[%clk 00:03:51]} {[%emt 00:09:34]} 28. Qb3 {[%clk 00:08:14]}
{[%emt 00:04:09]} Rg6# {[%clk 00:04:06]} {[%emt 00:00:14]} 0-1